| 000 | 00455nam a2200157 i 4500 | ||
|---|---|---|---|
| 001 | 97139 | ||
| 003 | ES-MaACL | ||
| 005 | 20230906182041.0 | ||
| 007 | t| | ||
| 008 | 050707s1966 sp ||||1| spa d | ||
| 100 | 1 |
_aManzanares Beriaín, Alejandro. _976203 |
|
| 245 | 1 | 0 |
_aCien riojanos ilustres... / _cAlejandro Manzanares Beriaín. |
| 260 |
_aLogroño : _bOchoa, _c1966. |
||
| 300 |
_a144 p., 14 lám. ; _c21 cm. |
||
| 852 |
_aES-MaACL _jC-29613 _bR.60041 |
||
| 999 |
_c97139 _d97139 |
||